Social services in Denmark (Record no. 371306)

000 -LEADER
fixed length control field 00382cam a22001337a 4500
008 - FIXED-LENGTH DATA ELEMENTS--GENERAL INFORMATION
fixed length control field 180718b1948 xxu||||| |||| 00| 0 eng d
082 ## - DEWEY DECIMAL CLASSIFICATION NUMBER
Classification number Q1x489 J453
100 ## - MAIN ENTRY--PERSONAL NAME
Personal name Jensen, Orla
245 ## - TITLE STATEMENT
Title Social services in Denmark
Statement of responsibility, etc. by Orla Jensen
260 ## - PUBLICATION, DISTRIBUTION, ETC.
Place of publication, distribution, etc. Copenhagen
Name of publisher, distributor, etc. Det Danske Selskab
Date of publication, distribution, etc. 1948
300 ## - PHYSICAL DESCRIPTION
Extent 118p.
650 ## - SUBJECT ADDED ENTRY--TOPICAL TERM
Topical term or geographic name entry element Public Welfare - Denmark
650 ## - SUBJECT ADDED ENTRY--TOPICAL TERM
Topical term or geographic name entry element Social Service - Denmark
Holdings
Withdrawn status Lost status Damaged status Not for loan Permanent Location Current Location Date acquired Full call number Barcode Date last seen Price effective from Koha item type
        Indian Institute of Public Administration Indian Institute of Public Administration 1994-06-09 Q1x489 J453 8012 2018-07-21 2018-07-21 Book

Powered by Koha